Welcome to CU Library Online Public Access Catalogue (OPAC)

ARISTOTLE,S THEORY OF POETRY AND FINE ART (Record no. 1898)

MARC details
000 -LEADER
fixed length control field 00464nam a22001697a 4500
005 - DATE AND TIME OF LATEST TRANSACTION
control field 20241202141252.0
008 - FIXED-LENGTH DATA ELEMENTS--GENERAL INFORMATION
fixed length control field 241202b |||||||| |||| 00| 0 eng d
020 ## - INTERNATIONAL STANDARD BOOK NUMBER
International Standard Book Number 8170962727
050 ## - LIBRARY OF CONGRESS CALL NUMBER
Classification number PN 1040
Item number .A7B8
100 ## - MAIN ENTRY--PERSONAL NAME
Personal name S. H. BUTCHER
245 ## - TITLE STATEMENT
Title ARISTOTLE,S THEORY OF POETRY AND FINE ART
Statement of responsibility, etc. S. H. BUTCHER
260 ## - PUBLICATION, DISTRIBUTION, ETC.
Place of publication, distribution, etc. NEW DELHI
Name of publisher, distributor, etc. KALYANI PUBLISHERS
Date of publication, distribution, etc. c 1996
300 ## - PHYSICAL DESCRIPTION
Extent xxx;, 419p
700 ## - ADDED ENTRY--PERSONAL NAME
Personal name GUNTHER RALFS
710 ## - ADDED ENTRY--CORPORATE NAME
Corporate name or jurisdiction name as entry element HENERY THOMAS
942 ## - ADDED ENTRY ELEMENTS (KOHA)
Source of classification or shelving scheme Library of Congress Classification
Koha item type Books
Suppress in OPAC No
999 ## -
-- 1898
-- 1898
Holdings
Withdrawn status Lost status Source of classification or shelving scheme Damaged status Not for loan Collection Home library Current library Shelving location Date acquired Total checkouts Full call number Barcode Date last seen Copy number Price effective from Koha item type
    Library of Congress Classification     Non-fiction Business Library (Miotso) Business Library (Miotso) General stacks 03/27/2026   PN 1040 .A7B8 BSSM00003743 04/24/2026 2 03/27/2026 Books
    Library of Congress Classification     Non-fiction Business Library (Miotso) Business Library (Miotso) General stacks 03/27/2026   PN 1040 .A7B8 BSSM00003744 04/24/2026 3 03/27/2026 Books
    Library of Congress Classification     Non-fiction Business Library (Miotso) Business Library (Miotso) General stacks 03/27/2026   PN 1040 .A7B8 BSSM00003745 04/24/2026 4 03/27/2026 Books
    Library of Congress Classification     Non-fiction Business Library (Miotso) Business Library (Miotso) General stacks 03/27/2026   PN 1040 .A7B8 BSSM00003746 04/24/2026 5 03/27/2026 Books
    Library of Congress Classification     Non-fiction Undergraduate Library (Christ Temple) Undergraduate Library (Christ Temple) General stacks 12/02/2024   PN 1040.A7B8 ulct00000473 12/02/2024 1 12/02/2024 Books
© 2023-2024 Copyright: Central University Libraries. All Rights Reserved | Created by: Mahone Tech Office